000 00768nam a2200277Ia 4500
003 OSt
005 20221006160322.0
006 a|||||r|||| 00| 0
007 ta
008 221006b |||||||| |||| 00| 0 kor d
020 _a9788993454222
_cW15,000
024 _a44,935
037 _bGift, Window on Korea
_cTextual
040 _aEASL
_cEASL
_bkor
041 _2kor
_akor
082 _aP495, Q0
100 _aPark Bryan
_9672901
245 0 _aHanguk a chutgul um = Teach yourself Hangul by vedio
260 _aSeoul
_bSojung Korea
_c2010
300 _a159p. CD - 1
_ccm.
490 _v KL
500 _aAccompanying CD - 1
650 _aKL
942 _hP495, Q0
_cTEXL
_2CC
999 _c1113027
_d1113027